000 00943nas a2200301 i 4500
001 1531
003 ES-MaACL
005 20250812074041.0
008 950801d1891 xxka| p | 1 ||ng d
080 _a058
245 0 4 _aThe Naval annual /
_ced. by. T.A. Brassey.
260 _a[London :
_bWilliam Clowes and Sons],
_c1891-
300 _a31 v. ;
_c35 cm.
310 _aAnual
362 0 _a1891-
500 _aA partir de 1925 consta el año de publicación de la revista.
650 7 _aArte y ciencia militar
_2embne
_9135619
655 7 _2tgfbne
_9226822
_aAnuarios
700 1 _aHythe, Viscount.
_964893
700 1 _aRichardson, Alexander,
_9194228
700 1 _aHurd, Archibald.
_964759
700 1 _aBrassey, Thomas (
_d1863-1919)
_9170843
785 0 0 _aBrassey's naval and shipping annual
_d1920
852 _aES-MaACL
_jHem-199
866 0 _o1891-98,1900-16,1919-23,1925,1927.
942 _2udc
999 _c1531
_d1531